000 00859nam a2200289Ia 4500
001 B3460
003 IT-RoPAU
008 130308s9999 xx 000 0 und d
040 _aIT-RoPAU
040 _cIT-RoPAU
041 _aFRANCESE
100 _aMing Yang
100 _gCodice Aut. SPICS: 37634
245 _aPreformation linguistique des boursiers scientifiques chinois
245 _bPublics Specifiques et Communication Specialisee
250 _a1a ed.
260 _aPARIS
260 _bHachette
260 _c1990 [1° Ed.:1990 - Ed.Ling.Originale:1990]
300 _a"4 p. (prefazione: no ; testo: 4 [pagine: 106-109])"
500 _aPreformazione Linguistica dei Borsisti scientifici Cinesi.
650 _aPEDAGOGIA DELLA COMUNICAZIONE SOCIALE
650 _eCodice materia Spics: 3804
942 _cBK
957 _71
999 _c79959
_d79959
999 _g1